00856nam a22002177a 450000500170000000800410001702000180005804000270007604100080010304400070011108200190011810000200013724502100015726000370036730000830040465000340048765000420052165000220056370000260058570000270061120160406140049.0160406t2014 ke ao fr|||| 00| 0 spa d a9789280734607 aCO-BoIAVH cCO-BoIAVH 0 aspa ake04a338.1349bM62e1 aMidler, Estelle10aEcosistemas forestales en las economías nacionales y la contribución de REDD+ en la transformación hacia una economía verde : bel caso de Panamá / cEstelle Midler, Unai Pascual y Silvio Simonit aNairobi (Kenia) :bPNUMA,c2014. a43 páginas :bilustraciones y fotografías a color ;c30 x 21 centímetros 6aEconomía forestalzPanamá 6aEconomíaxsector forestalzPanamá 6aBosqueszPanamá1 aPascual, Unaieautora1 aSimonit, Silvioeautor